| 000 | 00370nam a22001577a 4500 | ||
|---|---|---|---|
| 003 | SGT | ||
| 020 | _a978-0723436959 | ||
| 082 |
_a617.632 _bH13C |
||
| 100 | _a Angus C. Cameron | ||
| 245 | _aHandbook of Pediatric Dentistry | ||
| 250 | _a4TH | ||
| 260 |
_aNEW DELHI _bELSEVIER Mosby _c2013 |
||
| 300 | _a1-542 | ||
| 650 | _aPediatric Dentistry | ||
| 942 |
_2ddc _cBK _02 |
||
| 999 |
_c20885 _d20885 |
||